| 000 | 00946nam a22003137a 4500 | ||
|---|---|---|---|
| 001 | 0039539 | ||
| 003 | KOHA_MİRAKIL | ||
| 005 | 20260207003133.0 | ||
| 007 | ta | ||
| 008 | 130220b1988 enka|||gr||||#0|||1|eng | | ||
| 020 | _a0194219054 | ||
| 040 |
_aTR-BiSEU _btur _cTR-BiSEU _erda |
||
| 041 | 0 | _aeng | |
| 044 | _cenk | ||
| 050 |
_aPE1128.P43 _bI54 1988 |
||
| 100 | 1 | _aPearson, Jenny. | |
| 245 | 1 | 4 |
_aThe pictures/ _cJenny Pearson ; Jenny Pearson ; Series editor Bernard Hartley. |
| 264 | 1 |
_aNew York : _bOxford University Press _c1988 |
|
| 300 |
_a19 p. : _bill.; 20 cm. |
||
| 336 |
_ametin _btxt _2rdacontent |
||
| 337 |
_aaracısız _bn _2rdamedia |
||
| 338 |
_acilt _bnc _2rdacarrier |
||
| 650 | 0 |
_aEnglish language--Study and teaching. _940817 |
|
| 650 | 0 |
_aReaders--Stage 2. _973487 |
|
| 650 | 0 |
_aİngiliz dili--Çalışma ve öğretim. _931747 |
|
| 650 | 0 |
_aOkuyucular--Stage 2. _973488 |
|
| 907 | _aDil | ||
| 942 |
_2lcc _cBK |
||
| 999 |
_c39418 _d39418 |
||